| 000 | 01228nam a2200325 i 4500 | ||
|---|---|---|---|
| 003 | DO-SdBPM | ||
| 005 | 20260505123322.0 | ||
| 007 | ta | ||
| 008 | 230516b2012 dr a|||| |||| 00| 0 spa d | ||
| 020 | _a9789562943284 | ||
| 040 |
_aDO-SdBPM _bspa _cBPMSU _erda |
||
| 082 | 0 | 4 |
_aRD863.4408 _bB742c 2012 _222 |
| 100 | 1 |
_aBosch, Juan _d1909-2001 _eautor _4aut. _91 |
|
| 245 | 1 | 0 |
_aCómo nació la luna / _cJuan Bosch ; ilustración Roberto del Real _b |
| 260 | _c . | ||
| 264 |
_aSanto Domingo : _bFundación Juan Bosch, _c2012 |
||
| 300 |
_a90 páginas : _bilustración ; _c20 cm. |
||
| 336 |
_atexto _btxt _2rdacontent |
||
| 337 |
_asin mediación _bn _2rdamedia |
||
| 338 |
_avolumen _bnc _2rdacarrier |
||
| 490 | 0 | _aLa buena letra ; | |
| 505 | 0 | _aCómo nació la luna -- El negocio de doña hormiga -- El general don gallo -- Don gato y don ratón -- La ignorancia de doña gallina pinta -- Poppy -- Los últimos monstruos. | |
| 590 | _aInventariado, 2026/VM | ||
| 650 | 7 | _aCuentos infantiles dominicanos | |
| 650 | 7 |
_aLiteratura infantil dominicana _x |
|
| 650 | 7 | _aLibros ilustrados para niños | |
| 700 | 1 |
_aReal, Roberto del _eilustración |
|
| 910 | _aVMateo V. Control de calidad BPMSU | ||
| 942 |
_2ddc _cBK |
||
| 999 |
_c15816 _d15816 |
||